UITU Library & LRC     

Personal Narrative of a Pilgrimage to Al Madinah & Meccah (Record no. 18695)

MARC details
000 -LEADER
fixed length control field 00320nam a2200121Ia 4500
008 - FIXED-LENGTH DATA ELEMENTS--GENERAL INFORMATION
fixed length control field 241002s9999 xx 000 0 und d
082 ## - DEWEY DECIMAL CLASSIFICATION NUMBER
Classification number 297.55 RIC
100 ## - MAIN ENTRY--PERSONAL NAME
Personal name Richard, F. Burton
245 #0 - TITLE STATEMENT
Title Personal Narrative of a Pilgrimage to Al Madinah & Meccah
260 ## - PUBLICATION, DISTRIBUTION, ETC.
Place of publication, distribution, etc. New York:
Date of publication, distribution, etc. 1964
600 ## - SUBJECT ADDED ENTRY--PERSONAL NAME
Personal name Religion
942 ## - ADDED ENTRY ELEMENTS (KOHA)
Koha item type Usman Collection
Holdings
Withdrawn status Lost status Damaged status Not for loan Home library Current library Date acquired Total checkouts Full call number Barcode Date last seen Price effective from Koha item type
        UITU Library UITU Library 01/01/1994   297.55 RIC UC368 10/02/2024 10/02/2024 Usman Collection

Powered by Koha